| 000 | 01247cam a2200289 4500 | ||
|---|---|---|---|
| 008 | 090401t1998 xxu||||| |||| 00| 0 eng d | ||
| 020 | _a0632039922 | ||
| 035 | _a(Sirsi) u80850 | ||
| 041 | _aeng | ||
| 050 | _a347.4109 | ||
| 100 | _aPowell-Smith, Vincent | ||
| 245 | _aConstruction arbitrations : a practical guide. | ||
| 250 | _a2nd ed. | ||
| 260 |
_aOxford _bBlackwell Science _c1998 |
||
| 300 | _axi,308p. ; 24cm. | ||
| 350 | _a37.5 | ||
| 520 | _aExplores the procedures for arbitration in construction disputes taking into account changes introduced by the Arbitration Act 1996. Deals with such aspects as documentation, discovery and inspection, rules of evidence and types of awards and appeals. Reproduces the Arbitration Act 1996 in full as well as the Construction Industry Model Arbitration Rules (CIMAR). | ||
| 650 | _aARBITRATION ACT 1996 | ||
| 650 | _aCIMAR | ||
| 650 | _aCONSTRUCTION ARBITRATIONS | ||
| 650 | _aSOCIETY OF CONSTUCTION ARBITRATORS CONSTRUCTION INDUSTRY MODEL ARBITRATION RULES | ||
| 690 | _aMANAGEMENT-DISPUTE AVOIDANCE, MANAGEMENT AND RESOLUTION-DISPUTE MANAGEMENT AND RESOLUTION-ARBITRATION | ||
| 700 | _aSims, John | ||
| 700 | _aDancaster, Christopher | ||
| 942 | _n0 | ||
| 948 | _c12/09/1997 | ||
| 999 |
_c96635 _d96635 |
||